Revista Derecho Privado : Educación /
Guardado en:
| Otros Autores: | , |
|---|---|
| Formato: | Libro |
| Idioma: | Spanish |
| Publicado: |
Buenos Aires :
Ministerio de Justicia y Derechos Humanos de la Nación, Sistema Argentino de Información Jurídica
2015 :
|
| Etiquetas: |
Agregar Etiqueta
Sin Etiquetas, Sea el primero en etiquetar este registro!
|
| LEADER | 00620nam a22001575a 4500 | ||
|---|---|---|---|
| 001 | DER.der012982 | ||
| 005 | 20190320144220.0 | ||
| 008 | 180615s2015####|||||||||||||||||#||spa|| | ||
| 020 | |a 2250-7582 | ||
| 245 | 1 | 0 | |a Revista Derecho Privado : |b Educación / |c , dirigido por Gustavo Caramelo, y Sebastián Picasso |
| 260 | |a Buenos Aires : |b Ministerio de Justicia y Derechos Humanos de la Nación, |c 2015 : |b Sistema Argentino de Información Jurídica | ||
| 300 | |a 309 p. | ||
| 700 | 1 | |a Caramelo, Gustavo |e director | |
| 700 | 1 | |a Picasso, Sebastián |e director | |
| 859 | |a DERECHO |b BIB. DERECHO |p 007825 | ||
| 859 | |a DERECHO |b BIB. DERECHO |p 007826 | ||
